Methods of mathematical physics (Volume I) (Record no. 7447)

MARC details
000 -LEADER
fixed length control field 00522 a2200181 4500
000 - LEADER
fixed length control field BKB
001 - CONTROL NUMBER
control field 133119
005 - DATE AND TIME OF LATEST TRANSACTION
control field 20200902152046.0
008 - FIXED-LENGTH DATA ELEMENTS--GENERAL INFORMATION
fixed length control field
020 ## - INTERNATIONAL STANDARD BOOK NUMBER
International Standard Book Number 9788126515776
082 ## - DEWEY DECIMAL CLASSIFICATION NUMBER
Classification number 530.15
Item number C83M
100 1# - MAIN ENTRY--PERSONAL NAME
Personal name Courant, Richard
245 1# - TITLE STATEMENT
Title Methods of mathematical physics (Volume I)
Statement of responsibility, etc by Richard Courant and David Hilbert
260 ## - PUBLICATION, DISTRIBUTION, ETC. (IMPRINT)
Place of publication, distribution, etc New Delhi
Name of publisher, distributor, etc Wiley
Date of publication, distribution, etc 2010
300 ## - PHYSICAL DESCRIPTION
Extent 560p.
690 ## - LOCAL SUBJECT ADDED ENTRY--TOPICAL TERM (OCLC, RLIN)
Topical term or geographic name as entry element Mathematical physics; Mathematics
700 ## - ADDED ENTRY--PERSONAL NAME
Personal name Hilbert, David
Numeration
Titles and other words associated with a name
Holdings
Withdrawn status Lost status Damaged status Not for loan Home library Current library Date acquired Total Checkouts Full call number Barcode Date last seen Date checked out Price effective from Koha item type
        Central University Of Rajasthan Central University Of Rajasthan 25/08/2012 2 530.15 C83M 10632 21/01/2026 21/01/2026 02/09/2020 Books